| 000 | nam a22 7a 4500 | ||
|---|---|---|---|
| 999 |
_c15474 _d15474 |
||
| 008 | 161101b xxu||||| |||| 00| 0 eng d | ||
| 020 | _a0716734958 | ||
| 050 | _aQB 43.2 .K38 1998 | ||
| 100 | _aKaufmann, William J. | ||
| 245 |
_aUniverse/ _cWilliam J. Kaufmann and Roger A. Freedman. |
||
| 250 | _a5th ed. | ||
| 260 |
_aNew York : _bW. H. Freeman and Company ; _c1998. |
||
| 300 |
_axxvii,823p. : _bill. ; |
||
| 500 | _aIncludes bibliography and index. | ||
| 650 | _aAstronomy. | ||
| 650 | _aCosmology. | ||
| 700 | _aFreedman, Roger A. | ||
| 942 |
_2lcc _cBOOKS _hQB 43.2 .K38 1998 |
||